000
00292 a2200145 4500
001
176757
020
_a
040
_c
Magnum
100
_a
Dorin, Lannoy
240
1
0
_a
A procura do sol
_l
por
245
1
0
_a
A procura do sol
362
0
_a
1899
697
_a
MAGNITO: J/DROGAS
942
_c
BK
999
_c
176757
_d
176757